[Event "Ayvalik Ananas"]
[Site "Ayvalik"]
[Date "2024.01.29"]
[Round "10.4"]
[White "Ersoz, Teoman Guney"]
[Black "Nadj Hedjesi, Balind"]
[Result "0-1"]
[WhiteElo "2175"]
[BlackElo "2238"]
[PlyCount "94"]
[EventDate "2024.01.25"]
[EventType "schev"]
[EventRounds "10"]
[EventCountry "TUR"]
[SourceTitle "CB05_2024"]
[SourceDate "2024.01.31"]
[SourceVersion "1"]
[SourceVersionDate "2024.01.31"]
[SourceQuality "1"]
[WhiteTeam "Stars"]
[BlackTeam "Masters"]
[WhiteTeamCountry "TUR"]
[BlackTeamCountry "TUR"]

1. e4 e6 2. d4 d5 3. Nd2 c5 4. Ngf3 cxd4 5. exd5 Qxd5 6. Bc4 Qd7 7. 0-0 Nc6 8. Nb3 a6 9. Nbxd4 Nxd4 10. Nxd4 Qc7 11. Bb3 Bd6 12. Re1 Ne7 13. Qh5 0-0 14. c3 e5 15. Nf3 Bf5 16. Nh4 Bd7 17. Bc2 g6 18. Qh6 Be6 19. Nf3 Nf5 20. Bxf5 Bxf5 21. Ng5 f6 22. Ne4 Be7 23. Ng3 Bd3 24. Be3 Rfe8 25. Rad1 Rad8 26. f4 Bf8 27. Qh4 exf4 28. Qxf4 Qxf4 29. Bxf4 Bc5+ 30. Kh1 Kf7 31. Rxe8 Rxe8 32. h4 Bb5 33. c4 Bxc4 34. Rc1 b5 35. b3 Ba3 36. Rd1 Be6 37. Ne4 Bxb3 38. Nd6+ Bxd6 39. Rxd6 Bxa2 40. Rxa6 Bd5 41. Rd6 Re4 42. Bg3 Rd4 43. Rb6 b4 44. Kg1 Rd1+ 45. Kf2 Rd2+ 46. Ke3 Rxg2 47. Bf4 b3 0-1

[Event "Ayvalik Portakal"]
[Site "Ayvalik"]
[Date "2023.11.14"]
[Round "7"]
[White "Ersoz, Teoman Guney"]
[Black "Radusinovic, Lazar"]
[Result "0-1"]
[WhiteElo "2269"]
[BlackElo "2304"]
[PlyCount "96"]
[EventDate "2023.11.11"]
[EventType "schev"]
[EventRounds "10"]
[EventCountry "TUR"]
[SourceTitle "CB47_2023"]
[SourceDate "2023.11.22"]
[SourceVersion "1"]
[SourceVersionDate "2023.11.22"]
[SourceQuality "1"]
[WhiteTeam "Stars"]
[BlackTeam "Masters"]

1. e4 c5 2. Nf3 Nc6 3. Bb5 e6 4. 0-0 Nd4 5. Nxd4 cxd4 6. c3 a6 7. Be2 Bc5 8. b4 Ba7 9. Na3 d5 10. exd5 exd5 11. Nc2 Ne7 12. Nxd4 Bxd4 13. cxd4 0-0 14. d3 Nf5 15. Bf3 Re8 16. Rb1 Be6 17. Bf4 Rc8 18. Qd2 Nxd4 19. Bd1 Qf6 20. Re1 Bf5 21. Be3 Nb5 22. Ba4 d4 23. Bg5 Qg6 24. Rxe8+ Rxe8 25. Bxb5 axb5 26. Re1 Rxe1+ 27. Qxe1 h6 28. Be7 Bxd3 29. Bc5 Be4 30. f3 Bxf3 31. Qf2 Bd5 32. Bxd4 Qb1+ 33. Qf1 Qxb4 34. Qd1 Bxa2 35. h3 f6 36. Qg4 Bf7 37. Qc8+ Kh7 38. Qc5 Qe1+ 39. Kh2 Qe4 40. Bg1 Bd5 41. Qf2 b4 42. Qb2 Qf4+ 43. Kh1 b3 44. Qd4 Qf5 45. Qc3 b5 46. h4 b4 47. Qb2 Qh3+ 48. Bh2 Qxg2+ 0-1

[Event "Ayvalik Portakal"]
[Site "Ayvalik"]
[Date "2023.11.13"]
[Round "5"]
[White "Ersoz, Teoman Guney"]
[Black "Nadj Hedjesi, Balind"]
[Result "1/2-1/2"]
[WhiteElo "2269"]
[BlackElo "2227"]
[PlyCount "122"]
[EventDate "2023.11.11"]
[EventType "schev"]
[EventRounds "10"]
[EventCountry "TUR"]
[SourceTitle "CB47_2023"]
[SourceDate "2023.11.22"]
[SourceVersion "1"]
[SourceVersionDate "2023.11.22"]
[SourceQuality "1"]
[WhiteTeam "Stars"]
[BlackTeam "Masters"]

1. e4 e6 2. d4 d5 3. Nd2 c5 4. Ngf3 cxd4 5. exd5 Qxd5 6. Bc4 Qd7 7. 0-0 Nc6 8. Nb3 a6 9. Nbxd4 Nxd4 10. Nxd4 Qc7 11. Bb3 Bd6 12. h3 Ne7 13. Re1 Bd7 14. Qh5 Qc5 15. Qxc5 Bxc5 16. Be3 Rc8 17. c3 0-0 18. Rad1 Bxd4 19. Bxd4 Bc6 20. Bc5 Rfe8 21. Bxe7 Rxe7 22. f4 Kf8 23. Kf2 Rd7 24. Rxd7 Bxd7 25. Rd1 Ke7 26. Bc2 h6 27. Be4 a5 28. Ke3 g5 29. f5 f6 30. Rd2 b6 31. fxe6 Bxe6 32. Bd5 Bd7 33. Ke4 h5 34. c4 h4 35. b3 Re8 36. Kf3 f5 37. Kf2 Rf8 38. Kf3 Rf6 39. a3 Rd6 40. Re2+ Kf6 41. Ke3 Ke5 42. Kd3+ Kf4 43. Rf2+ Kg3 44. Rd2 f4 45. Kd4 f3 46. gxf3 Bxh3 47. Ke5 Rh6 48. f4 gxf4 49. Rd3+ Kh2 50. Kxf4 Bg2 51. Kg5 Rh8 52. Bxg2 Kxg2 53. Kg4 h3 54. Rd2+ Kf1 55. Kg3 Re8 56. Kf3 Rf8+ 57. Kg3 Re8 58. Kf3 Rf8+ 59. Kg3 Rf6 60. Rh2 a4 61. bxa4 Rc6 1/2-1/2

[Event "Ayvalik Portakal"]
[Site "Ayvalik"]
[Date "2023.11.11"]
[Round "2"]
[White "Radusinovic, Lazar"]
[Black "Ersoz, Teoman Guney"]
[Result "1/2-1/2"]
[WhiteElo "2304"]
[BlackElo "2269"]
[PlyCount "156"]
[EventDate "2023.11.11"]
[EventType "schev"]
[EventRounds "10"]
[EventCountry "TUR"]
[SourceTitle "CB47_2023"]
[SourceDate "2023.11.22"]
[SourceVersion "1"]
[SourceVersionDate "2023.11.22"]
[SourceQuality "1"]
[WhiteTeam "Masters"]
[BlackTeam "Stars"]

1. Nf3 Nf6 2. g3 g6 3. Bg2 Bg7 4. 0-0 0-0 5. d4 d5 6. Be3 Nc6 7. h3 Re8 8. Nbd2 e5 9. dxe5 Nxe5 10. Nxe5 Rxe5 11. Bd4 Re8 12. c4 Be6 13. e3 Qd7 14. cxd5 Bxd5 15. Bxf6 Bxg2 16. Kxg2 Bxf6 17. Nf3 Qxd1 18. Raxd1 Rad8 19. b3 Rxd1 20. Rxd1 Rd8 21. Rc1 Rd7 22. Kf1 Kf8 23. Ke2 c6 24. Nd2 Bd8 25. Ne4 Be7 26. Rc4 f5 27. Nd2 Rd5 28. Rc2 Bb4 29. Nc4 Ke7 30. f4 Bd6 31. Nb2 Ba3 32. Nd3 Bd6 33. Rc4 Ra5 34. Rc2 Rd5 35. Ne1 Bb4 36. Nf3 Bd6 37. Rd2 Rxd2+ 38. Kxd2 h6 39. Kd3 Ke6 40. e4 fxe4+ 41. Kxe4 Kf6 42. g4 Bc7 43. Ne1 Bd6 44. Nd3 Ke6 45. a4 a5 46. Nb2 b6 47. Nd3 Kf6 48. Nc1 Ke6 49. Ne2 Bc5 50. Nc3 Bb4 51. Nd1 Bc5 52. Nb2 Bd6 53. Nc4 Bc7 54. Ne3 Kf6 55. h4 Bd6 56. g5+ hxg5 57. hxg5+ Ke6 58. f5+ gxf5+ 59. Nxf5 Bf8 60. Nd4+ Kd7 61. g6 b5 62. Kd3 bxa4 63. bxa4 Ke7 64. Nxc6+ Kf6 65. Kc4 Kxg6 66. Kb5 Kf6 67. Kxa5 Ke6 68. Kb6 Kd5 69. a5 Bc5+ 70. Kb5 Bg1 71. Nb4+ Kd6 72. Ka6 Kc7 73. Nd5+ Kb8 74. Nb6 Bxb6 75. axb6 Ka8 76. Kb5 Kb7 77. Kc5 Kb8 78. Kc6 Kc8 1/2-1/2

[Event "Arandjelovac op 2nd"]
[Site "Arandjelovac"]
[Date "2023.08.04"]
[Round "7"]
[White "Ersoz, Teoman Guney"]
[Black "Drljevic, Ljilja"]
[Result "0-1"]
[WhiteElo "2019"]
[BlackElo "2115"]
[PlyCount "80"]
[EventDate "2023.07.31"]
[EventType "swiss"]
[EventRounds "9"]
[EventCountry "SRB"]
[SourceTitle "CBM 215 Extra"]
[Source "ChessBase"]
[SourceDate "2023.09.30"]
[SourceVersion "1"]
[SourceVersionDate "2023.09.30"]
[SourceQuality "1"]

1. e4 g6 2. d4 a6 3. g3 d6 4. Bg2 Bg7 5. Ne2 Nc6 6. d5 Na7 7. 0-0 e6 8. c3 Ne7 9. Be3 c6 10. dxe6 fxe6 11. Na3 d5 12. f4 0-0 13. Bd4 Bh6 14. Nc2 b6 15. b4 Nb5 16. Be5 Nd6 17. Bxd6 Qxd6 18. e5 Qc7 19. Ne3 Rd8 20. h4 c5 21. g4 Bb7 22. Rc1 Rac8 23. a4 Bc6 24. Rf2 Qd7 25. a5 cxb4 26. cxb4 bxa5 27. bxa5 d4 28. Nc4 Bxg2 29. Nb6 Rxc1 30. Qxc1 Qc6 31. Rxg2 d3 32. Qd2 Qc2 33. Qxc2 dxc2 34. g5 Rd2 35. Nc1 Rd1+ 36. Kh2 Rxc1 37. gxh6 Rh1+ 38. Kxh1 c1Q+ 39. Kh2 Qxf4+ 40. Kg1 Qxe5 0-1

[Event "TUR-ch U13/18"]
[Site "Antalya"]
[Date "2023.01.28"]
[Round "10"]
[White "Ersoz, Teoman Guney"]
[Black "Celik, Ege Yigit"]
[Result "1/2-1/2"]
[WhiteElo "1691"]
[BlackElo "1891"]
[PlyCount "64"]
[EventDate "2023.01.17"]
[EventType "swiss"]
[EventRounds "10"]
[EventCountry "TUR"]
[SourceTitle "EXT 2024"]
[Source "ChessBase"]
[SourceDate "2023.10.10"]
[SourceVersion "1"]
[SourceVersionDate "2023.10.10"]
[SourceQuality "1"]

1. Nf3 Nf6 2. g3 b6 3. Bg2 Bb7 4. b3 e6 5. 0-0 Be7 6. Bb2 0-0 7. c4 d6 8. d4 c5 9. Nbd2 cxd4 10. Nxd4 Bxg2 11. Kxg2 Qc7 12. Rc1 Qb7+ 13. N2f3 a6 14. Kg1 Nc6 15. Nxc6 Qxc6 16. Qd3 Rfd8 17. Rfd1 Rac8 18. Ba3 Qb7 19. Nd4 h6 20. Bb4 Nd7 21. Qf3 Qxf3 22. Nxf3 Nc5 23. Kg2 Bf6 24. Bc3 Bxc3 25. Rxc3 Ne4 26. Rcc1 b5 27. Nd2 Nxd2 28. Rxd2 Kf8 29. Rdc2 b4 30. e4 Rc5 31. Rd2 Ke7 32. Rcd1 a5 1/2-1/2

[Event "TUR-ch U13/18"]
[Site "Antalya"]
[Date "2023.01.25"]
[Round "7"]
[White "Ersoz, Teoman Guney"]
[Black "Binboga, Yaman"]
[Result "0-1"]
[WhiteElo "1691"]
[BlackElo "1641"]
[PlyCount "48"]
[EventDate "2023.01.17"]
[EventType "swiss"]
[EventRounds "10"]
[EventCountry "TUR"]
[SourceTitle "EXT 2024"]
[Source "ChessBase"]
[SourceDate "2023.10.10"]
[SourceVersion "1"]
[SourceVersionDate "2023.10.10"]
[SourceQuality "1"]

1. e4 c5 2. Nf3 d6 3. d4 cxd4 4. Nxd4 Nf6 5. Nc3 g6 6. Be3 Bg7 7. f3 a6 8. Qd2 Nbd7 9. 0-0-0 b5 10. h4 Bb7 11. g4 b4 12. Nce2 Qa5 13. Kb1 Ne5 14. Nb3 Qa4 15. Ned4 Nxf3 16. Nxf3 Nxe4 17. Qe1 Bxb2 18. Bd4 Nc3+ 19. Bxc3 Bxc3 20. Nfd2 Bxh1 21. Qe3 Bd5 22. Ne4 Bxe4 23. Qxe4 0-0 24. Rd3 Qa3 0-1